01882nam a22004091i 4500001001200000003000800012006001900020007001500039008004100054020002800095020001500123020003100138020002700169040003500196035002100231050002500252082001800277100003000295245010900325250001700434264007500451300003400526336002100560337002300581338003200604504006900636588004700705590014700752600005700899650005400956650002201010655002201032776026101054797001201315856012601327999001901453ebr10756360CaPaEBRm o d cr cn|||||||||120521s2012 nyu ob 001 0 eng d z1576593363 (alk. paper) z1576593525 z9781576593363 (alk. paper) a9781576593523 (e-book) aCaPaEBRbengerdaepncCaPaEBR a(OCoLC)86152841714aB765.D74bI55 2012eb04a171/.20922231 aIngham, Mary Beth,d1951-14aThe harmony of goodness :bmutuality and moral living according to John Duns Scotus /cMary Beth Ingham. aNew edition. 1aSt. Bonaventure, New York :bFranciscan Institute Publications,c2012. a1 online resource (240 pages) atext2rdacontent acomputer2rdamedia aonline resource2rdacarrier aIncludes bibliographical references (pages 225-231) and indexes. aDescription based on print version record. aElectronic reproduction. Palo Alto, Calif. : ebrary, 2013. Available via World Wide Web. Access may be limited to ebrary affiliated libraries.10aDuns Scotus, John,dapproximately 1266-1308xEthics. 0aChristian ethicsxHistoryyMiddle Ages, 600-1500. 0aEthics, Medieval. 0aElectronic books.08iPrint version:aIngham, Mary Beth.tHarmony of goodness : mutuality and moral living according to John Duns Scotus.dSt. Bonaventure, New York : Franciscan Institute Publications, 2012h237 pages ; 23 cm.z9781576593363w(OCoLC)794306381w(DLC) 20120162042 aebrary.40uhttp://site.ebrary.com/lib/rucke/Doc?id=10756360zAn electronic book accessible through the World Wide Web; click to view c118408d118408